Instructor's supplement for unifying concepts and processes in elementary mathematics (Record no. 9407)

MARC details
000 -LEADER
fixed length control field 00472nam a22001697a 4500
001 - CONTROL NUMBER
control field 9407
005 - DATE AND TIME OF LATEST TRANSACTION
control field 20250714122423.0
008 - FIXED-LENGTH DATA ELEMENTS--GENERAL INFORMATION
fixed length control field 140514b xxu||||| |||| 00| 0 eng d
020 ## - INTERNATIONAL STANDARD BOOK NUMBER
International Standard Book Number 0205058450
040 ## - CATALOGING SOURCE
Original cataloging agency BSU
Transcribing agency BSU
Modifying agency BSU LIB
082 ## - DEWEY DECIMAL CLASSIFICATION NUMBER
Edition number 21
Classification number 510
Item number INS
245 ## - TITLE STATEMENT
Title Instructor's supplement for unifying concepts and processes in elementary mathematics
260 ## - PUBLICATION, DISTRIBUTION, ETC. (IMPRINT)
Place of publication, distribution, etc Boston
Name of publisher, distributor, etc Allyn and Bacon
Date of publication, distribution, etc 1977
300 ## - PHYSICAL DESCRIPTION
Extent 268p.;
Dimensions 24cm
650 ## - SUBJECT ADDED ENTRY--TOPICAL TERM
Source of heading or term Mathematics
942 ## - ADDED ENTRY ELEMENTS (KOHA)
Source of classification or shelving scheme Dewey Decimal Classification
Item type Books
Holdings
Withdrawn status Lost status Source of classification or shelving scheme Damaged status Not for loan Collection code Home library Current library Shelving location Date acquired Source of acquisition Inventory number Total Checkouts Full call number Barcode Date last seen Copy number Price effective from Koha item type Public note
    Dewey Decimal Classification       Main Library Main Library Open Shelves 14/05/2007 Donation 1974   510 INS bsu25070826 14/05/2014 001 14/05/2014 Books Material available in hard copy

© 2017 Bishop Stuart University Library. All Rights Reserved.
Kakoba Campus, Plot 150 Buremba Road | P.O. Box 9, Mbarara, UGANDA | Tel: +256-772-463068
Email: library@bsu.ac.ug